书目信息 |
| 题名: |
生物信息学基础
|
|
| 作者: | 陆祖宏 , 谢建明 , 孙啸 编著 | |
| 分册: | ||
| 出版信息: | 北京 清华大学出版社 2005.05 |
|
| 页数: | X, 336页 | |
| 开本: | 26cm | |
| 丛书名: | ||
| 单 册: | ||
| 中图分类: | Q811.4 | |
| 科图分类: | ||
| 主题词: | 生物信息论--sheng wu xin xi lun | |
| 电子资源: | ||
| ISBN: | 7-302-10270-8 | |
| 000 | 00874nam0 2200253 450 | |
| 001 | 012006405546 | |
| 005 | 20060119143328.84 | |
| 010 | @a7-302-10270-8@dCNY32.00 | |
| 100 | @a20060119d2005 km y0chiy0120 ea | |
| 101 | 0 | @achi |
| 102 | @aCN@b110000 | |
| 105 | @aa a 000yy | |
| 200 | 1 | @a生物信息学基础@Asheng wu xin xi xue ji chu@f孙啸, 陆祖宏, 谢建明编著@Fsun xiao,lu zu hong,xie jian ming bian zhu |
| 210 | @a北京@c清华大学出版社@d2005.05 | |
| 215 | @aX, 336页@c图@d26cm | |
| 320 | @a有书目。 | |
| 330 | @a本书内容包括生物信息学引论、生物信息学的生物学基础、生物分子数据库、蛋白质结构预测、基因表达数据分析等。 | |
| 606 | 0 | @a生物信息论@Asheng wu xin xi lun |
| 690 | @aQ811.4@v4 | |
| 701 | 0 | @a陆祖宏@Alu zu hong@4编著 |
| 701 | 0 | @a谢建明@Axie jian ming@4编著 |
| 701 | 0 | @a孙啸@Asun xiao@4编著 |
| 801 | 0 | @aCN@bQSSK@c20060119 |
| 905 | @a10447@dQ811.4@eL862 | |
| 生物信息学基础/孙啸, 陆祖宏, 谢建明编著.-北京:清华大学出版社,2005.05 |
| X, 336页:图;26cm |
| ISBN 7-302-10270-8:CNY32.00 |
| 本书内容包括生物信息学引论、生物信息学的生物学基础、生物分子数据库、蛋白质结构预测、基因表达数据分析等。 |
| ● |
| 相关链接 |
|
|
|
正题名:生物信息学基础
索取号:Q811.4/L862
 
预约/预借
| 序号 | 登录号 | 条形码 | 馆藏地/架位号 | 状态 | 备注 |
| 1 | 552671 | 205526714 | 自科库401/401自科库 32排3列3层/ [索取号:Q811.4/L862] | 在馆 | |
| 2 | 552672 | 205526723 | 自科库401/401自科库 32排3列3层/ [索取号:Q811.4/L862] | 在馆 |